-
Kendall, Kenneth E. and Kendall, julie E
Entry Personal Name
Number of records used in: 1
001 - CONTROL NUMBER
003 - CONTROL NUMBER IDENTIFIER
005 - DATE AND TIME OF LATEST TRANSACTION
- control field:
20180202120937.0
008 - FIXED-LENGTH DATA ELEMENTS
- fixed length control field:
180202|| aca||aabn | a|a d
040 ## - CATALOGING SOURCE
- Original cataloging agency:
OSt
- Transcribing agency:
OSt
100 ## - HEADING--PERSONAL NAME
- Personal name:
Kendall, Kenneth E. and Kendall, julie E
670 ## - SOURCE DATA FOUND
- Source citation:
Work cat.: (OSt)107: Kendall, Kenneth E. and Kendall, julie E, System Analysis and Design, 2004